000
00228nam a2200097Ia 4500
008
220204s9999 xx 000 0 und d
100
_a
Chase, James Hadley
245
0
_a
New lease of death
260
_a
London
_b
Corgi
942
_c
BK
999
_c
29530
_d
29530